| 000 | 00560cam a22001934a 4500 | ||
|---|---|---|---|
| 020 | _a3540673407 (Berlin : alk. paper) | ||
| 020 | _a3540622012 (New York : alk. paper) | ||
| 040 | _cDLC | ||
| 082 | 0 | 0 | _a330 SPR 2000 A073 Or. |
| 100 | 1 | _aWinkelmann, Rainer. | |
| 245 | 1 | 0 | _aEconometric analysis of count data / |
| 250 | _a3rd, rev. and enl. ed. | ||
| 260 |
_aBerlin ; _aNew York : _bSpringer, _c2000. |
||
| 300 |
_axii, 282 p. : _bill. ; _c24 cm. |
||
| 650 | 0 | _aEconometrics. | |
| 650 | 0 | _aTime-series analysis. | |
| 650 | 0 | _aLabor mobility | |
| 942 | _cEK | ||
| 999 |
_c15076 _d15076 |
||